00458nam a2200181Ia 4500008004100000020001800041245003300059245005100092260001500143260001600158260000900174300001600183300002500199300001000224440002700234440000700261500000800268170705s9999 xx 000 0 und d a9780439902540 aFlight of the blue serpent / cTony Abbott ; illustrated by Royce Fitzgerald. aNew York : bScholastic, c2008 a119 pages : bcolor illustration ; c19cm. aThe secrets of droon ; v33 a630